UFC Champions By Countries - Statistics

General Stats
  • This quiz has been taken 125 times
    17 since last reset
  • The average score is 12 of 21
Answer Stats
Picture Answer % Correct
Conor McGregor
88%
Ilia Topuria
81%
Belal Muhammad
75%
Francis Ngannou
75%
Jiri Prochazka
75%
Brandon Moreno
69%
Dricus Du Plessis
69%
Joshua Van
69%
Kamaru Usman
69%
Khamzat Chimaev
69%
Michael Bisping
69%
Khabib Nurmagomedov
63%
Carlos Ulberg
56%
Robert Whittaker
50%
Andrei Arlovski
44%
Aljamain Sterling
38%
Jan Blachowicz
38%
Carlos Newton
25%
Bas Rutten
19%
Mark Coleman
13%
Murilo Bustamante
6%
No matching quizzes found
Score Distribution
Percent of People with Each Score
Percentile by Number Answered
Your Score History
You have not taken this quiz since the last reset